• 首页
  • 本馆介绍
  • 公告通知
  • 最新文献
  • 馆藏检索
  • 电子资源
  • 读者导购
  • 参考咨询
  • 我的图书馆
  • 登录
  • 详细信息显示
  • 放入我的书架
  • 预约/预借图书
  • 作者相关作品
  • 分类相关作品
  • 丛书相关作品
  • 出版社相关作品

书目信息

  • 表格格式
  • 工作单格式
  • 卡片格式
题名:
眼睛
    
 
作者: 褚建勋 主编
分册:  
出版信息: 北京   中国城市出版社  1999.06
页数: 383页
开本: 20cm
丛书名:
单 册:
中图分类: G763
科图分类:
主题词: 早慧儿童--儿童教育
电子资源:
ISBN: 7-5074-1124-9
000 00609nam0 2200205 45
001 0106210988
005 20041229093136.5
010    @a7-5074-1124-9@dCNY22.80
100    @a20010621d1999 km y0chiy0120 ea
101 0  @achi
105    @a z 000yy
200 1  @a眼睛@AYan Jing@e透视中国神童@ETou Shi Zhong Guo Shen Tong@f褚建勋主编@FZhu Jian Xun Zhu Bian
210    @a北京@c中国城市出版社@d1999.06
215    @a383页@d20cm
517    @a透视中国神童@ATou Shi Zhong Guo Shen Tong
606 0  @a早慧儿童@x儿童教育
690    @aG763@v4
701    @a褚建勋@4主编
801    @aCN@bTSTC@c20010621
905    @dG763@e3
    
    眼睛:透视中国神童/褚建勋主编.-北京:中国城市出版社,1999.06
    383页;20cm
    
    
    ISBN 7-5074-1124-9:CNY22.80
    
●
相关链接 在E读中查询图书 在五车中查询图书 在当当中查询图书 在豆瓣中查询图书


正题名:眼睛     索取号:G763/3         预约/预借

序号 登录号 条形码 馆藏地/架位号 状态 备注
1 0298697   202986974   教育系资料室/ [索取号:G763/3] 在馆    
2 0298698   202986983   第四借阅区/ [索取号:G763/3] 在馆    
3 0298699   202986992   第四借阅区/ [索取号:G763/3] 在馆    
4 0298700   202987009   教育系资料室/ [索取号:G763/3] 在馆    
5 0298701   202987018   第一样本阅览室/ [索取号:G763/3] 在馆    
唐山师范学院图书馆 欢迎您!
大连网信软件有限公司© 版权所有